Lietuvos gyvenvietės virš 1000 gyventojų - Statistics

General Stats
  • This quiz has been taken 176 times
  • The average score is 95 of 184
Answer Stats
Eilė Miestai Gyventojų skaičius % Correct
6 Alytus 52 727
100%
22 Druskininkai 12 908
100%
2 Kaunas 298 753
100%
3 Klaipėda 152 008
100%
7 Marijampolė 36 727
100%
5 Panevėžys 89 110
100%
4 Šiauliai 100 653
100%
1 Vilnius 546 155
100%
85 Akmenė 2 355
75%
34 Anykščiai 8 697
75%
79 Ariogala 2 743
75%
105 Baisogala 1 694
75%
73 Birštonas 3 072
75%
26 Biržai 10 734
75%
180 Daugai 1 016
75%
182 Didžiasalis 1 010
75%
50 Domeikava 5 215
75%
77 Eišiškės 2 908
75%
24 Elektrėnai 11 255
75%
108 Ežerėlis 1 640
75%
21 Gargždai 15 065
75%
27 Garliava 10 366
75%
114 Gelgaudiškis 1 572
75%
30 Grigiškės 9 950
75%
51 Ignalina 5 106
75%
171 Jieznas 1 047
75%
9 Jonava 27 381
75%
177 Joniškėlis 1 026
75%
35 Joniškis 8 612
75%
29 Jurbarkas 10 186
75%
36 Kaišiadorys 8 380
75%
64 Kalvarija 3 982
75%
46 Kazlų Rūda 5 590
75%
11 Kėdainiai 23 461
75%
39 Kelmė 7 688
75%
128 Krekenava 1 375
75%
17 Kretinga 17 249
75%
42 Kupiškis 6 218
75%
25 Kuršėnai 10 916
75%
60 Kybartai 4 126
75%
63 Lazdijai 4 016
75%
32 Lentvaris 9 713
75%
138 Linkuva 1 283
75%
111 Maišiagala 1 611
75%
8 Mažeikiai 33 101
75%
103 Mickūnai 1 724
75%
45 Molėtai 5 782
75%
38 Naujoji Akmenė 7 985
75%
53 Nemenčinė 4 831
75%
66 Neringa 3 609
75%
112 Pagėgiai 1 576
75%
56 Pakruojis 4 594
75%
18 Palanga 16 746
75%
41 Pasvalys 6 451
75%
16 Plungė 17 543
75%
71 Pravieniškės 3 165
75%
143 Priekulė 1 245
75%
33 Prienai 8 796
75%
20 Radviliškis 15 103
75%
146 Ramygala 1 241
75%
31 Raseiniai 9 865
75%
62 Raudondvaris 4 079
75%
59 Riešė 4 141
75%
69 Rietavas 3 234
75%
23 Rokiškis 11 770
75%
65 Rudamina 3 815
75%
95 Rūdiškės 1 985
75%
159 Rusnė 1 131
75%
48 Šakiai 5 462
75%
139 Salantai 1 272
75%
40 Šalčininkai 6 857
75%
82 Šeduva 2 421
75%
55 Šilalė 4 729
75%
19 Šilutė 15 952
75%
142 Simnas 1 247
75%
44 Širvintos 5 827
75%
54 Švenčionėliai 4 748
75%
57 Švenčionys 4 448
75%
14 Tauragė 21 203
75%
12 Telšiai 22 642
75%
49 Trakai 5 426
75%
96 Tytuvėnai 1 850
75%
13 Ukmergė 21 258
75%
10 Utena 25 343
75%
37 Varėna 8 202
75%
158 Veisiejai 1 141
75%
88 Venta 2 250
75%
125 Viduklė 1 425
75%
89 Viekšniai 2 249
75%
58 Vievis 4 311
75%
28 Vilkaviškis 10 286
75%
101 Vilkija 1 762
75%
15 VIsaginas 19 446
75%
133 Žagarė 1 326
75%
43 Zarasai 6 077
75%
72 Žiežmariai 3 158
75%
75 Akademija 2 928
50%
74 Avižieniai 3 041
50%
119 Babtai 1 486
50%
81 Dembava 2 447
50%
76 Dercekliai 2 922
50%
70 Didžioji Riešė 3 174
50%
84 Jašiūnai 2 383
50%
161 Josvainiai 1 122
50%
115 Juodupė 1 549
50%
117 Kalveliai 1 547
50%
155 Karmėlava 1 195
50%
172 Kretingalė 1 047
50%
127 Kudirkos Naumiestis 1 381
50%
122 Leipalingis 1 469
50%
83 Nemėžis 2 404
50%
52 Pabradė 4 918
50%
68 Pagiriai 3 271
50%
87 Ramučiai 2 296
50%
94 Rukla 1 987
50%
107 Rumšiškės 1 664
50%
148 Senieji Trakai 1 219
50%
167 Senoji Varėna 1 073
50%
124 Skaudvilė 1 427
50%
47 Skuodas 5 508
50%
98 Trušeliai 1 794
50%
147 Vaidotai 1 233
50%
151 Bajorai 1 209
25%
154 Balbieriškis 1 195
25%
145 Bendoriai 1 242
25%
135 Bukiškis 1 316
25%
153 Darbėnai 1 203
25%
99 Galgiai 1 790
25%
78 Ginkūnai 2 901
25%
136 Grigaičiai 1 292
25%
156 Gruzdžiai 1 187
25%
104 Juodšiliai 1 702
25%
126 Kalautuva 1 393
25%
175 Kalotė 1 031
25%
121 Karmėlava II 1 469
25%
183 Klevinė 1 006
25%
150 Kretingsodis 1 210
25%
152 Lapės 1 206
25%
144 Lukšiai 1 243
25%
80 Neveronys 2 672
25%
93 Pilviškiai 1 992
25%
67 Ringaudai 3 427
25%
61 Skaidiškės 4 112
25%
130 Slengiai 1 346
25%
131 Švėkšna 1 334
25%
129 Tirkšliai 1 357
25%
170 Tryškiai 1 060
25%
97 Valčiūnai 1 795
25%
176 Veiveriai 1 027
25%
113 Vėžaičiai 1 573
25%
109 Vydmantai 1 627
25%
164 Žemaičių Naumiestis 1 087
25%
149 Aukštelkė 1 216
0%
123 Buivydiškės 1 454
0%
165 Doviliai 1 077
0%
118 Ginduliai 1 521
0%
90 Giraitė 2 167
0%
134 Gudiena 1 325
0%
140 Jonučiai II 1 268
0%
102 Kairiai 1 729
0%
162 Kavoliškis 1 106
0%
173 Kūlupėnai 1 035
0%
174 Kužiai 1 033
0%
116 Kvėdarna 1 548
0%
141 Mastaičiai 1 261
0%
166 Matuizos 1 073
0%
181 Mokolai 1 016
0%
163 Molainiai 1 100
0%
160 Neravai 1 124
0%
86 Noreikiškės 2 337
0%
120 Padvariai 1 481
0%
179 Pagryniai 1 018
0%
168 Piniava 1 065
0%
110 Šlienava 1 615
0%
91 Telečiai 2 119
0%
184 Traksėdžiai 1 001
0%
92 Užliedžiai 2 106
0%
178 Varkaliai 1 024
0%
137 Velžys 1 291
0%
100 Viečiūnai 1 788
0%
169 Vijoliai 1 065
0%
132 Vijūkai 1 331
0%
157 Vilainiai 1 157
0%
106 Zujūnai 1 694
0%
No matching quizzes found
Score Distribution
Percent of People with Each Score
Percentile by Number Answered
Your Score History
You have not taken this quiz